000 03700njm0a2200541 4500
001 RU\NLR\ONIZ\304470
005 20260308045856.0
035 _a(NLR Aleph) 022747839
071 0 0 _aX-63837
071 0 0 _aX-63841
071 0 0 _aX 63837:GD
071 0 0 _aX 63841:L
071 1 0 _a7185r
071 1 0 _a7179r
090 _a13560285
_c13560285
100 _a20240701d1909 u y0rusy50 ca
102 _aRU
126 _aadaxdxu ux
_bxxx
127 _a000500
145 0 _ac
200 1 _aПрялочка
_bЗвукозапись
_eрусская песня
_f[А. Чернявский]
203 _aМузыка
_bисполнительская
_cаудио
210 _aS. l.
_cZonophone record
_d[1909]
_gО-во Граммофонъ съ огр. отв.
_eРига
215 _a1 грп. (ок. 5 мин) : 78 об/мин, моно
_d25 см, в конв.
300 _aЗаписано в декабре 1909 г., Москва
300 _aИнж. звукозап. М. Хампе
300 _aИнж. звукозап. установл. по кат. А. Келли
423 0 _12001#$aТихо тащится лошадка$bЗвукозапись$eбытовая$f[И. Сац]$g[к изданию в целом:] исполн.: знаменитая исполн. русск. песен Н. В. Плевицкая, мецо-сопрано, [А. Зарема, фортепиано]
_1210##$aS. l.$cZonophone record$gО-во Граммофонъ съ огр. отв.$eРига$d[1909]
_16890#$aЩ943.2-043.3(28)
_1700#1$9z01790$aСац$bИ. А.$gИлья Александрович$f1875-1912$4230$7ca
_1702#1$9z01790$aПлевицкая$bН. В.$gНадежда Васильевна$f1884-1940/1941$4721$4vms$7ca
_1702#1$9z02790$aЗарема$bА. М.$gАлександр Михайлович$4545$4kfp$7ca
_1702#1$9z03790$aХампе$bТ. Г. М.$gТеодор Генрих Макс$cинженер звукозаписи$f1877-1957$4670$7ca
_1790#1$9z01700$aSac$bI. A.$gIl'ja Aleksandrovič$f1875-1912$4230$7ba
_1790#1$9z01702$aPlevickaja$bN. V.$gNadežda Vasil'evna$f1884-1940/1941$4721$4vms$7ba
_1790#1$9z02702$aZarema$bA. M.$gAleksandr Michajlovič$4545$4kfp$7ba
_1790#1$9z03702$aHampe$bTh. H. M.$gTheodor Heinrich Max$f1877-1957$4670$7ba
_tТихо тащится лошадка
_aСац, Илья Александрович (1875-1912)
606 1 _aРусские песни для меццо-сопрано и фортепиано
_jЗвукозапись
_2nlr_sh
686 0 _aЩ943.2-043.3я43(28)
700 1 _9z01790
_aЧернявский
_bА. Н.
_cкомпозитор
_f1871-1942
_gАлександр Николаевич
_4230
_7ca
702 1 _9z04790
_aПлевицкая
_bН. В.
_f1884-1940/1941
_gНадежда Васильевна
_4721
_7ca
702 1 _9z05790
_aЗарема
_bА. М.
_gАлександр Михайлович
_4545
_7ca
702 1 _9z06790
_aХампе
_bТ. Г. М.
_cинженер звукозаписи
_f1877-1957
_gТеодор Генрих Макс
_4670
_7ca
702 1 _9z07790
_aКелли
_bА.
_f1928-2015
_gАлан
_4560
_4220
_7ca
790 1 _9z01700
_aČernjavskij
_bA. N.
_f1871-1942
_gAleksandr Nikolaevič
_4230
_7ba
790 1 _9z04702
_aPlevickaja
_bN. V.
_f1884-1940/1941
_gNadežda Vasil'evna
_4721
_7ba
790 1 _9z05702
_aZarema
_bA. M.
_gAleksandr Michajlovič
_4545
_7ba
790 1 _9z06702
_aHampe
_bTh. H. M.
_f1877-1957
_gTheodor Heinrich Max
_4670
_7ba
790 1 _9z07702
_aKelly
_bA.
_f1928-2015
_gAlan
_4560
_4220
_7ca
801 0 _aRU
_bNLR
_c20240701
_gPSBO
801 1 _aRU
_bNLR
_c20240701
_2rusmarc
801 2 _aRU
_bNLR
_c20260304
852 _aNLR
_jМг 2к/432
_m1066
_t1
942 _cREC
980 _aONIZ
980 _aNB